| 000 | 00678nam2a22002171 4500 | ||
|---|---|---|---|
| 001 | rc\567173 | ||
| 005 | 20250621164827.0 | ||
| 035 | _a(NLR Aleph) 005814038 | ||
| 090 |
_a5412811 _c5412811 |
||
| 100 | _a20030616d1988 |||y0rusy50 ca | ||
| 101 | 0 | _arus | |
| 102 | _aRU | ||
| 105 | _ay ||||||||| | ||
| 200 | 1 |
_aСоциология пьянства _fЭ.Ф. Кисриев |
|
| 210 |
_cБ. и. _aБ. м. |
||
| 461 | 0 |
_1001rc\567172 _12001#$aНе потерять человека$v[1] _95412806 _cМахачкала _d1988 _tНе потерять человека _v[1] |
|
| 801 | 0 |
_aRU _bNLR _gpsbo |
|
| 801 | 1 |
_aRU _bELAR _2rusmarc |
|
| 852 |
_aNLR _j89-2/308 |
||
| 942 | _cBOOK | ||
| 980 | _aNB | ||